| 000 | 00452nam a2200181Ia 4500 | ||
|---|---|---|---|
| 005 | 20240823011722.0 | ||
| 008 | 240823s9999||||xx |||||||||||||| ||und|| | ||
| 041 | _aENGLISH | ||
| 082 | _A006.3 N0 | ||
| 100 | _a"Nilson,Nils J" | ||
| 245 | 0 | _aPrinciples of Artificial Intelligence | |
| 250 | _a1st | ||
| 260 |
_c1990 _b"Narosa,New Delhi" |
||
| 500 | _aTRANSFERED | ||
| 650 |
_aComputer Science _bComputer Science |
||
| 942 | _cBK | ||
| 999 |
_c162343 _d162343 |
||